| 000 | 00834nam a22002297a 4500 | ||
|---|---|---|---|
| 001 | 47121 | ||
| 003 | BD-RjUL | ||
| 005 | 20211209054249.0 | ||
| 008 | 160807s2006 bg ||||| |||| 00| 0 eng d | ||
| 020 |
_a9848631488 _c: TK 85.00 |
||
| 035 | _a(BD-RjUL)47240 | ||
| 040 |
_aBD-RjUL _bben _cBD-RjUL _dBD-RjUL |
||
| 041 | _aben | ||
| 082 |
_223 _a297.28 _bALB 2006 |
||
| 100 |
_aআলী, কাজী মো. মোরতুজা _9143497 |
||
| 245 | 1 | 0 |
_aবিশ্বাস ও আত্ম-উন্নয়ন / _cকাজী মো.মোরতুজা আলী |
| 260 |
_aঢাকা : _bমদীনা পাবলিকেশন, _c২০০৬ |
||
| 300 |
_a১৬২ পৃ. ; _c২১সে.মি. |
||
| 650 |
_aবিশ্বাস (ইসলাম) _9125086 |
||
| 650 |
_aFaith (Islam) _9125087 |
||
| 942 |
_2ddc _cBK |
||
| 999 |
_c47121 _d47121 |
||